00619nam a22002297a 450000500170000001000130001702000100003003500130004003700160005304000120006908200160008110000170009724500660011424600060018026000470018627000430023330000270027650000200030365000260032365000230034970000170037220170124110243.0 aA-239206 c00.00 aA-239206 bCen Lib/Ret aDPLbEN a025.32bSIN aSingh, S.N.  aCataloguing manual AACR-2 /cby S.N. Singh [and] H.N. Prasad  b  aDelhi bB.R. Publishing Corporation c1985 bDelhi a461, vivekanand nagar e110052 aviii, 256p. c21cm(Hb) aIncludes index  aCataloguing -- AACR-2 aLibrary catalogue  aPrasad, H.N.